Flora das cangas da Serra dos Carajás, Pará, Brasil: Cabombaceae (Registro n. 330910)
[ somente texto ]
| 000 -LÍDER | |
|---|---|
| fixed length control field | 01826nab a2200253 i 4500 |
| 003 - CÓDIGO MARC DA AGÊNCIA CATALOGADORA | |
| Campo de controle | BR-BrBNA |
| 005 - DATA E HORA DA ÚLTIMA ATUALIZAÇÃO | |
| Campo de controle | 20250408111649.0 |
| 008 - CAMPO DE TAMANHO FIXO | |
| fixed length control field | 250408b2016 bl.qr|pooa||| 00| 0 por | |
| 040 ## - FONTE DA CATALOGAÇÃO | |
| Agência catalogadora | BR-BrBNA |
| Idioma da catalogação | por |
| 072 ## - CATEGORIA AGRIS | |
| Código AGRIS | F70 |
| 072 ## - CATEGORIA AGRIS | |
| Código AGRIS | F50 |
| 100 ## - ENTRADA PRINCIPAL - NOME PESSOAL | |
| Nome pessoal | Lima, Carla Teixeira de |
| 100 ## - ENTRADA PRINCIPAL - NOME PESSOAL | |
| Nome pessoal | Gil, André dos Santos Bragança |
| 245 ## - TÍTULO PRINCIPAL | |
| Título principal | Flora das cangas da Serra dos Carajás, Pará, Brasil: Cabombaceae |
| 500 ## - NOTA GERAL | |
| Nota geral | Publicação on-line; 3 ref.; 2 illus.; Summaries (En, Pt) |
| 942 ## - ADDED ENTRY ELEMENTS (KOHA) | |
| Koha item type | Analítica |
| 520 ## - NOTA DE RESUMO | |
| Nota de conteúdo | <br/><br/>Resumo<br/><br/>O presente estudo taxonômico apresenta descrição morfológica, ilustrações detalhadas e comentários<br/>diagnósticos das espécies de Cabombaceae registradas para as cangas da Serra dos Carajás, no estado do<br/>Pará, Brasil. Foi registrado o gênero Cabomba com duas espécies: C. furcata e C. haynesii, amplamente<br/>distribuídas na Américas do Norte, Central, e do Sul.<br/><br/>Palavras-chave: Amazônia, Cabomba, FLONA Carajás,planta aquática.<br/><br/><br/><br/><br/>Abstract<br/><br/>This study presents a morphological taxonomic description, detailed illustrations and diagnostics comments<br/>of the species of Cabombaceae registered for the cangas of Serra of the Carajás, Pará state, Brazil. The genus<br/>Cabomba with two species are recorded: C. furcata e C. haynesii, widely distributed in North, Central and<br/>South America.<br/><br/>Key words: Amazonia, Cabomba, FLONA Carajás, aquatic plant. |
| 650 ## - ASSUNTO - THESAGRO | |
| Cabeçalho tópico ou nome geográfico | AMAZÔNIA |
| 650 ## - ASSUNTO - THESAGRO | |
| Cabeçalho tópico ou nome geográfico | CARAJÁS |
| 650 ## - ASSUNTO - THESAGRO | |
| Cabeçalho tópico ou nome geográfico | PLANTA AQUÁTICA |
| 773 0# - ENTRADA ANALÍTICA | |
| Host Biblionumber | 709 |
| Registro do item | 349694 |
| Imprenta | Rio de Janeiro-RJ Jardim Botanico do Rio de Janeiro 1935 |
| Outro identificador | 2025-2214 |
| Título | Rodriguésia (Brazil) |
| ISSN | 0370-6583; 2175-7860 on-line |
| Colação | v. 67(5 special number) p. 1273-1276; (2016) |
| Número de controle de registro | BR2025000302 |
| 856 ## - ACESSO E ENDEREÇO ELETRÔNICO | |
| Identificador uniforme de recurso - URI | https://www.scielo.br/j/rod/a/SSxBGxDMhpCsm3CxbgypbMB/?format=pdf&lang=pt |
Nenhum exemplar disponível.

BINAGRI